00505nam a2200133Ia 4500020001800000082002400018245010600042260007800148300001400226504002000240650005900260650003400319700001800353 a81-85835-44-6 aRR 016.3046072 POP- 0aPopulation research centres in India : an annotated bibliography and abstracts of research :1994-2001 aChandigarhbCentre for Research in Rural and Industrial Developmentc2004 axv, 569p. aIncludes index  aPopulation research - Bibliography - India - 1994-2001 aIndia - Abstracts - 1994-2001 aGopal Krishan